Human Ecology. An Outline of the Concept and the Relationship between Man and Nature (Запис № 579732)

МАРК-запис
000 -Лідер
fixed length control field 01938 a2200241 4500
003 - Ідентифікатор контрольного номера
control field UA-OsUOA
005 - Дата та час останнього входження (трансакції)
control field 20260302101600.0
008 - Елементи даних фіксованої довжини – загальна інформація
fixed length control field 260227b un ||||| |||| 00| 0 ukr d
020 ## - Міжнародний стандартний книжковий номер (ISBN)
Міжнародний стандартний книжковий номер (ISBN) (НП) 9788377028469
040 ## - Джерело каталогізації
Агенція, яка здійснювала перезапис UA-OsUOA
080 ## - Індекс Універсальної десяткової класифікації
Індекс Універсальної десяткової класифікації (УДК) (НП) 504
090 ## - Локальний шифр розміщення
Класифікаційний індекс УДК 504
100 ## - Основне введення – ім’я особи
Ім’я особи (НП) Wyrostkiewicz M.
9 (RLIN) 23321
245 ## - Відомості про назву
Назва (НП) Human Ecology. An Outline of the Concept and the Relationship between Man and Nature
Дані про відповідальність (НП) Michał Wyrostkiewicz
260 ## - Публікація, розповсюдження і т.п. (Вихідні дані)
Місце публікації, розповсюдження і т.п. (П) Lublin
Ім’я/ наймення видавництва, розповсюджувача і т.п. (П) Katolicki Uniwersytet Lubelski
Дата публікації, розповсюдження і т.п. (П) 2013
300 ## - Фізичний опис
Обсяг 127 s.
505 00 - Форматована примітка про зміст
Форматована примітка про зміст Introduction<br/>1. At the Sources of Human Ecology<br/>1.1. Ecology as a Natural Science<br/>1.2. Ecological Theological Dialogue: Needs and Possibilities<br/>2. The Man Person in the Natural Environment<br/>2.1. Man and the Person. Toward an Integral Vision of the Human Being<br/>2.2. The Natural Environment of the Human Being<br/>3. Human Ecology as the Fruit of Ecological and Moral Theological Dialogue<br/>4. Ecological - meaning being in Accord with the Nature<br/>5. The Integrated Development of the Person as the Essential Category of Human Ecology. Anthropological Theological Bases of Development<br/>5.1. The Essence of Integrated Development of a Person<br/>5.2. Integral Development as a Vocation and Inalienable Right of a Human Being<br/>6. The Postulate of Sustainable Development and the Idea of Integrated Development of a Human Being<br/><br/>Conclusion<br/>
520 ## - Резюме і т.п.
Резюме, реферат, анотація, тощо (НП) Książka "Human Ecology. An Outline of the Concept and the Relationship between Man and Nature" - Michał Wyrostkiewicz - oprawa miękka - Wydawnictwo Katolicki Uniwersytet Lubelski, KUL. Książka posiada 128 stron i została wydana w 2014 r.<br/><br/>
650 ## - Додаткове предметне введення – тематичний термін
Тематичний термін чи географічна назва, як елемент введення (НП) 504 Загроза навколишньому середовищу/ В тому числі: Забруднення
9 (RLIN) 23322
942 ## - Додаткові елементи входу (Коха)
Тип елемента Koha Книги
Source of classification or shelving scheme Universal Decimal Classification
955 ## - Код типу видання за змістом
Код типу видання за змістом (НП) Наукові видання
Фонди
Стан вилучень Стан втрат Джерело класифікації або схеми стелажів Стан уражень Не для кредиту Код колекції Постійне місце розташування Поточне розміщення Дата придбання Джерело придбання Вартість, звичайна ціна покупки Усього замовленно Повний номер виклику Штрих-код Дата останнього перегляду Вартість, ціна заміни Ціна ефективна від Тип елемента Koha
    Universal Decimal Classification     Колекція Шевчука Д. М. ЧЗ - Читальна зала ЧЗ - Читальна зала 02/03/2026 №07/27.02.2026 50.00   504 169420 02/03/2026 50.00 02/03/2026 Книги